00527nam a2200181 a 45000010010000000030011000100080041000210350026000620820016000881000019001042450020001232600046001436500019001899420012002089520090002209980020003109990015003300000-8836ELIB.Books110520 1943  a(ELIB.Books)0000-8982 a270.6 bLut aLuther, Martin aThree Treatises bPhiladelphia: The Muhlenberg Press c1943 aChurch History 2ddccBK 00102ddc4070aKBTSbKBTSd2011-05-20l0p4510r2022-01-22 00:00:00w2022-01-22yBK cbate2011-05-20 c8836d8836